000 00757nam a2200229 a 4500
999 _c8951
_d8951
001 8951
003 BD-JhCC
005 20180306092727.0
008 180306s1987 bg a|||| ||a| 000 0 ben d
035 _a(BD-JhCC)8951
040 _aBD-JhCC
_dBD-JhCC
041 _aben
082 _a530
_bRES 1987
100 _aরেসনিক, রবার্ট
245 _aপদার্থ বিদ্যা প্রথম খণ্ড /
_cরবার্ট রেসনিক এবং ডেভিড হ্যালিডে
260 _aঢাকা :
_bবাংলা একাডেমী,
_c1987
300 _a461 p. :
_c24 cm.
650 _aPhysics
700 _aহ্যালিডে, ডেভিড
942 _2ddc
_cBK